الفعل المضارع في سورة آل عمران : دراسة صرفية ونحوية تطبيقية /
Saved in:
| Main Author: | |
|---|---|
| Format: | Thesis |
| Language: | Arabic |
| Published: |
Kuala Lumpur :
al-Jami'ah al-Islamiyah al-'Alamiyah bi- Maliziya,
2005
|
| Subjects: | |
| Online Access: | http://studentrepo.iium.edu.my/handle/123456789/8674 |
| Tags: |
Add Tag
No Tags, Be the first to tag this record!
|
| LEADER | 026290000a22004570004500 | ||
|---|---|---|---|
| 001 | 328996 | ||
| 005 | 20230420130405.0 | ||
| 008 | 051123s2005 my g 000 0 ara d | ||
| 035 | |a (Sirsi) 328996 | ||
| 040 | |a UIAM |b eng | ||
| 041 | 0 | |a ara | |
| 050 | 0 | 0 | |a BP131.3.A4 |
| 100 | 0 | |a Mustafa Abdul Rahman |9 35406 | |
| 242 | 1 | 3 | |a al-Fi'l al-mudari' fi Surat Al 'Imran : |b dirasah sarfiyah wa-nahwiyah tatbiqiyah |
| 245 | 1 | 2 | |a الفعل المضارع في سورة آل عمران : |b دراسة صرفية ونحوية تطبيقية / |c إعداد مصطفى بن عبد الرحمن |
| 260 | |a Kuala Lumpur : |b al-Jami'ah al-Islamiyah al-'Alamiyah bi- Maliziya, |c 2005 | ||
| 300 | |a ف، 198 leaves ; |c 30 cm. | ||
| 336 | |2 rdacontent | ||
| 337 | |2 rdamedia | ||
| 338 | |2 rdacarrier | ||
| 500 | |a "Bahth takmili muqaddama li-nayl darjat al-Majistir al-'Ulum al-Insaniyah fi al-Lughah al-'Arabiyah wa-Adabiha (al-Dirasat al-Lughawiyah)."--On t.p. | ||
| 500 | |a Abstracts in English and Arabic. | ||
| 502 | |a Thesis (M.HscAL) -- International Islamic University Malaysia, 2005. | ||
| 504 | |a Includes bibliographical references (leaves 160-167). | ||
| 530 | |a Also available on 3 1/2 in. computer disk-converted into 4 3/4 in. computer laser disc. | ||
| 630 | 0 | 0 | |a Qur'an |p Surat Al 'Imran |x Commentaries |9 35407 |
| 630 | 0 | 0 | |a Qur'an |x Language, style Arabic |9 14926 |
| 650 | 0 | |a Arabic language |x Verb |9 26932 | |
| 650 | 0 | |a Arabic language |x Syntax |9 19221 | |
| 655 | 0 | 7 | |a Theses, IIUM local |
| 690 | 0 | |a Dissertations, Academic |x Department of Arabic Language and Literature |z IIUM | |
| 710 | 2 | |a International Islamic University Malaysia. |b Department of Arabic Language and Literature | |
| 730 | 0 | |a Fi'l al-mudari' fi surat Al 'Imran : dirasah sarafiyah wa-nahwiyah tatbiqiyah (Computer file) |9 35408 | |
| 856 | 4 | |u http://studentrepo.iium.edu.my/handle/123456789/8674 | |
| 900 | |a sn-jmd-his-ami-naw | ||
| 942 | |2 lcc |n 0 | ||
| 999 | |c 431984 |d 464552 | ||
| 952 | |0 0 |6 LU T BP 131.3 A4 M991F 2005 |7 0 |8 THESES |9 753463 |a IIUM |b IIUM |c CLOSEACCES |g 0.00 |o lu t BP 131.3 A4 M991F 2005 |p 00000938227 |r 2017-10-24 |t 1 |v 0.00 |y THESIS | ||
| 952 | |0 0 |6 T BP 131.3 A4 M991F 2005 |7 0 |8 THESES |9 754341 |a IIUM |b IIUM |c MULTIMEDIA |g 0.00 |o t BP 131.3 A4 M991F 2005 |p 00011275467 |r 2017-10-17 |t 2 |v 0.00 |y THESIS | ||
| 952 | |0 0 |1 7 |6 TS CDF PJ6696Z6A4M991F 2005 |7 18 |8 THESES |9 988954 |a IIUM |b IIUM |c MULTIMEDIA |g 0.00 |o ts cdf PJ6696Z6A4M991F 2005 |p 00000938229 |r 1900-01-02 |t 2 |v 0.00 |y THESISDIG | ||
| 952 | |0 0 |1 7 |6 TS CDF PJ6696Z6A4M991F 2005 |7 18 |8 THESES |9 988955 |a IIUM |b IIUM |c MULTIMEDIA |g 0.00 |o ts cdf PJ6696Z6A4M991F 2005 |p 00000938228 |r 1900-01-02 |t 1 |v 0.00 |y THESISDIG | ||
